000 00374nam a22001457a 4500
999 _c24239
_d24239
003 NUST
008 140512b xxu||||| |||| 00| 0 eng d
020 _cAvailable
038 _aNusrat Nadeem
082 _a519.92
100 _aBrookshear J.Glenn
_921423
245 _aData Structures using C and C++
_cJ.Glenn Brookshear
538 _iSupercomputing Lab
942 _2ddc
_cBK